000 01517nam a2200265 4500
003 OSt
005 20200708151815.0
008 200708s2010 nyua|||gr|||| 00| 0dspa d
020 _a9780446567398
040 _aCO-JMCR
_cCO-JMCR
041 1 _aspa
_heng
082 0 4 _223
_a241.4
_bM612c
100 1 _aMeyer, joyce,
_eautora
_96880
245 1 _aCome la galleta... compra los zapatos:
_bdate permiso a ti misma y relájate /
_cJoyce Meyer
250 _aPrimera edición
260 _aNew york :
_bFaith Words,
_c2010.
300 _a229 páginas :
_bilustraciones a blanco y negro ;
_c20 cm.
500 _aDatos biograficos del autor en página [231].
505 _aLa galleta -- Feliz cumpleaños -- Tu mereces un poco de derroche -- A Dios le gustan las fiestas -- Celebra tu progreso -- Celebra mediante el dar -- Tiempo de recordar -- Recuerda quien eres y lo que tienes -- Celébrate a ti misma -- Aprende cuan do detenerte -- Dale unas vacaciones a tu alma -- Prioridades -- Mi todo en todo -- Dale a Dios tu todo -- Celebra la disciplina -- Disciplinate a ti misma para celebrar
520 0 _aNos enseña que no fuimos formados para la culpabilidad. Dios no quiere que estemos cargados de culpa. De hecho, ¡Dios es eñ mejor organizador de fiestas! Utiliza historias de la biblia.
650 1 4 _2Autocontrol
_xAspectos religiosos
_xCristianismo
_96881
650 2 4 _2Simplicidad
_xAspectos religiosos
_xCristianismo
_96881
650 2 4 _2Libertad
_xAspectos religiosos
_xCristianismo
_96881
942 _2ddc
_cBK
999 _c6752
_d6752